| 000 | 00690nam a22002057a 4500 | ||
|---|---|---|---|
| 003 | OSt | ||
| 005 | 20250828081640.0 | ||
| 008 | 250828b |||||||| |||| 00| 0 eng d | ||
| 020 | _a0-8294-0495-3 | ||
| 040 | _cOC | ||
| 082 | _aCirc. 230.2 D923 1985 | ||
| 100 | _aDunne, T. | ||
| 245 |
_aLonergan and spirituality : _btowards a spiritual integration |
||
| 260 |
_aChicago : _bLoyola University Press, _cc1985 |
||
| 300 |
_aix, 230 pages : _c23 cm. |
||
| 504 | _aIncludes bibliographical references | ||
| 650 | _2Critism & interpretation | ||
| 650 | _2Spritituality--history--2oth century | ||
| 942 |
_2ddc _cBK-CIRC _hCirc. 230.2 D923 1985 _kCirc. _n0 |
||
| 999 |
_c4320 _d4320 |
||